Mořský vlk

Bibliographic Details
Main Author: London, Jack, 1876-1916 (Author)
Format: Book
Language:Undetermined
Czech
English
Published: Praha Státní nakladatelství krásné literatury a umění 1965
Subjects:

MARC

LEADER 00000cam a2200000 a 4500
001 vtls001418492
003 SK-MaSNL
005 20260302035233.0
008 240315s1965 xx 0 und
035 |a SNK000373293 
040 |a SNK  |b slo  |c SNK  |e AACR2 
041 |a cze  |h eng 
044 |a xr  |c CZ 
080 |a 82-311.3  |2 2011 
080 |a 821.111(73)  |2 2011 
100 1 |a London, Jack,  |d 1876-1916  |4 aut  |9 116999 
245 1 |a Mořský vlk  |c Jack London ; [z anglického originálu přeložil A. J. Šťastný] 
260 |a Praha  |b Státní nakladatelství krásné literatury a umění  |c 1965 
300 |a 238, [2] s. 
650 0 7 |a dobrodružná literatúra  |2 SNKPH  |9 79801 
650 0 7 |a americká literatúra  |2 SNKPH  |9 1170 
852 |a Štátna vedecká knižnica v Banskej Bystrici 
958 |a OND 
999 |c 1069821  |d 1071751 
952 |t P60, <04>, [BOOK], {604}  |a SNK  |b SNK  |y VYP  |7 0  |p 17A0309166  |o snkSC 20438 D1  |i snkKIP 7014/65  |0 0  |1 0  |4 0  |d 2001-08-10  |l 0  |r 2005-01-02 00:00:00  |w 2026-02-24 
952 |a SNK  |b SNK  |y PREZ  |7 0  |p 17A0803396  |o snkSC 20438   |0 0  |1 0  |4 0  |d 2012-08-31  |l 0  |r 2025-08-04 00:00:00  |w 2026-02-24